000 00649nam a2200193Ia 4500
003 GCL
008 140319s9999 xx 000 0 ara d
040 _aGCL /
_cGCL
082 0 4 _a621.3192
_bج ت
100 1 _aجراف، هاينز
245 1 0 _aالتركيبات الكهربائية /
_cجراف، هاينز
700 1 _aامين احمد قاسم
260 _a[S.N] :
_bادارة الاهرام - دار النشر والتوزيع فى لي ،
_c1989
300 _a189 ص
490 _aالاسس التكنولوجية
_v0
650 0 4 _aالهندسة الالكترونية
650 0 4 _aالتكنولوجيا
942 _2ddc
_cBK
999 _c53071
_d53071